[Event "26. Off. Wuerttembergische Seniorenmst."]
[Site "Freudenstadt"]
[Date "2014.07.24"]
[Round "9.26"]
[White "Slager, Anton"]
[Black "Fitzke, Ulrich"]
[Result "0-1"]
[WhiteElo "1800"]
[BlackElo "1648"]
[PlyCount "138"]
[EventDate "2014.??.??"]
[WhiteTeam "SK Randbauer Griesheim"]
[BlackTeam "SV Bau-Union e.V."]

1. e4 c5 2. Nf3 d6 3. d4 cxd4 4. Nxd4 Nc6 5. Be3 Nf6 6. Nc3 g6 7. Be2 Bg7 8.
O-O O-O 9. h3 Bd7 10. Qd2 a6 11. Rad1 Rc8 12. Bf3 Qc7 13. Nxc6 Bxc6 14. Bh6 Qb6
15. Bxg7 Kxg7 16. Rb1 Nd7 17. Rfd1 Ne5 18. Be2 Rfd8 19. Qd4 Qxd4 20. Rxd4 Kf8
21. Rbd1 h5 22. f4 Nd7 23. Rf1 Kg7 24. Rfd1 Nc5 25. f5 Nd7 26. R4d2 Ne5 27. Rf1
f6 28. fxg6 Kxg6 29. Rf5 Rh8 30. Rf1 Rcg8 31. Rd4 h4 32. Nd1 Bd7 33. Ne3 Kf7
34. Nf5 Rg5 35. Rf2 Bxf5 36. exf5 Ke8 37. Kf1 Kd7 38. Ke1 Rhg8 39. Bf1 Rh8 40.
Rff4 Rhh5 41. Be2 Rh8 42. Kf2 Rhg8 43. Bf1 Rh8 44. Rb4 Kc7 45. Rbd4 Rhh5 46.
Be2 Rh8 47. b4 Rhg8 48. Bf1 b5 49. Ke3 Rg3+ 50. Ke4 Rc3 51. Rxh4 Rxc2 52. g4
Rf2 53. Bd3 Rxa2 54. Rh7 Kd7 55. Bb1 Rb2 56. Bd3 Nc6 57. Rd5 Nxb4 58. Rd4 Nc6
59. Rd5 Ne5 60. Ke3 Rh2 61. Bxb5+ axb5 62. Rxb5 Nxg4+ 63. Ke4 Nf2+ 64. Kf3
Rxh3+ 65. Rxh3 Nxh3 66. Rb7+ Ke8 67. Rb5 Kf7 68. Rb6 Rg1 69. Rb5 Ng5+ 0-1

[Event "26. Off. Wuerttembergische Seniorenmst."]
[Site "Freudenstadt"]
[Date "2014.07.24"]
[Round "9.27"]
[White "Woelbl, Josef"]
[Black "Blutharsch, Walter"]
[Result "1-0"]
[WhiteElo "1623"]
[BlackElo "1726"]
[PlyCount "79"]
[EventDate "2014.??.??"]
[WhiteTeam "SV Rottweil"]
[BlackTeam "VfL Sindelfingen"]

1. Nf3 d5 2. c4 e6 3. e3 Nf6 4. d4 Bd6 5. Nc3 c6 6. Bd3 O-O 7. O-O h6 8. Qc2
Nbd7 9. h3 e5 10. dxe5 Nxe5 11. Nxe5 Bxe5 12. cxd5 Nxd5 13. Nxd5 Qxd5 14. Rd1
Qe6 15. Bc4 Qf6 16. f4 Bc7 17. Bd2 Bb6 18. a4 a6 19. Re1 Qxf4 20. Qb3 Ba7 21.
Rf1 Qc7 22. Bb4 c5 23. Bc3 Bb8 24. Rf3 b6 25. Raf1 Bb7 26. Bxf7+ Rxf7 27. Qxf7+
Kh7 28. Qxc7 Bxc7 29. Rf7 Kg6 30. Rxg7+ Kh5 31. Rxc7 Be4 32. Re7 Bd3 33. Re5+
Kg6 34. Rf3 Ra7 35. Re6+ Kh7 36. Rf8 Rg7 37. Bxg7 Kxg7 38. Rd8 c4 39. Rxb6 Bf5
40. g4 1-0

[Event "26. Off. Wuerttembergische Seniorenmst."]
[Site "Freudenstadt"]
[Date "2014.07.24"]
[Round "9.28"]
[White "Abel, Hans-Peter"]
[Black "Scharhag, Wilhelm"]
[Result "1-0"]
[WhiteElo "1709"]
[BlackElo "1679"]
[PlyCount "79"]
[EventDate "2014.??.??"]
[WhiteTeam "SC Leinfelden"]
[BlackTeam "SK Bad Krozingen"]

1. Nf3 d5 2. d4 Nf6 3. g3 e6 4. Bg2 c5 5. e3 Nc6 6. c3 b6 7. O-O Be7 8. Re1 Bb7
9. dxc5 bxc5 10. b3 O-O 11. Na3 Qa5 12. Qc2 c4 13. b4 Qb6 14. Qb2 a6 15. Nc2
Ne4 16. Ncd4 Rab8 17. Qc2 Ba8 18. Nxc6 Bxc6 19. a4 Bf6 20. a5 Qb7 21. Nd4 Bd7
22. Ne2 Nd6 23. Rd1 Nb5 24. Nd4 Nd6 25. f3 Nf5 26. Ne2 Qa7 27. Nd4 Nxd4 28.
exd4 Bc6 29. Be3 Rfe8 30. Bf2 Qd7 31. f4 Qc7 32. Qd2 Rbd8 33. Re1 Rb8 34. g4 g6
35. Bg3 Be7 36. f5 Bd6 37. f6 Kh8 38. Qh6 Rg8 39. Re3 Bxg3 40. Rxg3 1-0

[Event "26. Off. Wuerttembergische Seniorenmst."]
[Site "Freudenstadt"]
[Date "2014.07.24"]
[Round "9.29"]
[White "Fiedler, Joachim"]
[Black "Schuetze, Manfred"]
[Result "1/2-1/2"]
[WhiteElo "1467"]
[BlackElo "1615"]
[PlyCount "36"]
[EventDate "2014.??.??"]
[WhiteTeam "USV TU Dresden"]
[BlackTeam "SV Blau-Rot Pratau"]

1. Nf3 Nf6 2. d4 e6 3. a3 b6 4. e3 Bb7 5. Be2 Be7 6. c4 O-O 7. Nc3 d5 8. b3
Nbd7 9. O-O c5 10. dxc5 Ne4 11. Nxe4 dxe4 12. Nd2 Nxc5 13. Bb2 Nd3 14. Bxd3
exd3 15. Qg4 Bf6 16. Bxf6 Qxf6 17. Rfd1 Rad8 18. a4 a5 1/2-1/2

[Event "26. Off. Wuerttembergische Seniorenmst."]
[Site "Freudenstadt"]
[Date "2014.07.24"]
[Round "9.30"]
[White "Mueller, Herbert"]
[Black "Woisetschlaeger, Adolf"]
[Result "0-1"]
[WhiteElo "1583"]
[BlackElo "1778"]
[PlyCount "90"]
[EventDate "2014.??.??"]
[WhiteTeam "SK Horb"]
[BlackTeam "SC Schwarz-WeiÃŸ Zell"]

1. e4 e6 2. d4 d5 3. exd5 exd5 4. Nf3 Nd7 5. Bd3 Ngf6 6. O-O Be7 7. Re1 O-O 8.
Bf4 h6 9. Nbd2 b6 10. c4 dxc4 11. Nxc4 Bb7 12. Rc1 Nd5 13. Bg3 f5 14. Be5 Bg5
15. Nxg5 Qxg5 16. Qf3 Rab8 17. Qg3 Qxg3 18. hxg3 Nb4 19. Bb1 Nd5 20. a3 Rbe8
21. f3 Ba6 22. Ba2 Kh7 23. f4 Bb7 24. Kf2 N7f6 25. Bb1 Ng4+ 26. Kg1 Ba6 27. Ba2
g5 28. Nd2 Ngf6 29. Bb1 Kg6 30. Nf3 Bb7 31. b4 Ng4 32. Bd3 c6 33. Nh2 Nxh2 34.
Kxh2 g4 35. Rc2 b5 36. Kg1 h5 37. Kf2 Rf7 38. Rcc1 Rfe7 39. Rc2 a5 40. bxa5 Ra8
41. Bd6 Rxe1 42. Kxe1 Rxa5 43. Re2 Bc8 44. Re8 Bd7 45. Kf2 Bxe8 0-1

[Event "26. Off. Wuerttembergische Seniorenmst."]
[Site "Freudenstadt"]
[Date "2014.07.24"]
[Round "9.31"]
[White "Baeuerle, Horst"]
[Black "Sukatsch, Manfred"]
[Result "0-1"]
[WhiteElo "1506"]
[BlackElo "1765"]
[PlyCount "74"]
[EventDate "2014.??.??"]
[WhiteTeam "SK Horb"]
[BlackTeam "SC BÃ¶blingen 1975 e.V."]

1. c4 f5 2. Nc3 e6 3. e3 g6 4. g3 Bg7 5. Bg2 Nf6 6. Nge2 O-O 7. O-O c6 8. d4 d6
9. Qb3 Nbd7 10. Nf4 Qe7 11. Nd3 Kh8 12. Re1 e5 13. Qd1 Qf7 14. d5 e4 15. dxc6
bxc6 16. Nf4 Qe7 17. Rb1 Ng4 18. Nce2 g5 19. Nh5 Be5 20. h3 Ngf6 21. Nxf6 Rxf6
22. b3 Nc5 23. Nd4 Bb7 24. Bf1 Raf8 25. b4 Ne6 26. Nxe6 Rxe6 27. Bb2 Bxb2 28.
Rxb2 f4 29. exf4 gxf4 30. Qd4+ Kg8 31. Bg2 d5 32. cxd5 cxd5 33. Qxa7 fxg3 34.
fxg3 Qg7 35. Rb3 d4 36. Kh2 Ra6 37. Qc5 Rxa2 0-1

[Event "26. Off. Wuerttembergische Seniorenmst."]
[Site "Freudenstadt"]
[Date "2014.07.24"]
[Round "9.32"]
[White "Klein, Peter"]
[Black "Jaeger, Hans-Ulrich"]
[Result "1/2-1/2"]
[WhiteElo "1569"]
[BlackElo "1749"]
[PlyCount "119"]
[EventDate "2014.??.??"]
[WhiteTeam "SK Horb"]
[BlackTeam "SC Sillenbuch"]

1. d4 d5 2. c4 e6 3. Nc3 c5 4. Nf3 cxd4 5. Nxd4 dxc4 6. Qa4+ Qd7 7. Qxc4 e5 8.
Ndb5 Nc6 9. Be3 a6 10. Rd1 axb5 11. Qxb5 Qe6 12. Bb6 Bd7 13. Nd5 Rc8 14. a3 Nb4
15. Qa5 Nxd5 16. Rxd5 f6 17. e3 Ne7 18. Rd1 Nc6 19. Qd2 Nd4 20. Bxd4 exd4 21.
Qxd4 Bc5 22. Qd2 Bc6 23. Qc3 Bd7 24. Bc4 Qe5 25. Qd3 Bc6 26. b4 Bb6 27. O-O Rd8
28. Qe2 Rxd1 29. Rxd1 Bc7 30. f4 Qe7 31. Qg4 Bd7 32. Qf3 Bb6 33. Kf2 f5 34. Rd3
Qh4+ 35. Ke2 Bc6 36. Qg3 Qxg3 37. hxg3 Bxg2 38. Rd6 Bc6 39. b5 Bc5 40. Re6+ Kd7
41. bxc6+ bxc6 42. a4 Ra8 43. Re5 Bb6 44. Rxf5 Rxa4 45. Bd3 Ke6 46. Re5+ Kf7
47. Bxh7 g6 48. Rg5 Ra2+ 49. Kf3 Ra3 50. Bxg6+ Kf6 51. Bh5 Rxe3+ 52. Kg4 Rc3
53. Rg6+ Ke7 54. Kh4 Bf2 55. Kh3 c5 56. Kg2 Bd4 57. g4 c4 58. Kf1 Rf3+ 59. Ke2
Rxf4 60. Rc6 1/2-1/2

[Event "26. Off. Wuerttembergische Seniorenmst."]
[Site "Freudenstadt"]
[Date "2014.07.24"]
[Round "9.33"]
[White "Goldinger, Josef"]
[Black "Bartlitz, Heinz"]
[Result "1-0"]
[WhiteElo "1590"]
[BlackElo "1464"]
[PlyCount "85"]
[EventDate "2014.??.??"]
[WhiteTeam "SV Rottweil"]
[BlackTeam "Bramfelder SK 1947 e.V."]

1. e4 d6 2. d4 Nf6 3. c3 c6 4. Bd3 Nbd7 5. Nf3 e5 6. dxe5 dxe5 7. Bg5 Be7 8.
Bc2 O-O 9. Nbd2 h6 10. Bh4 Nh7 11. Bg3 Qc7 12. Nc4 Bf6 13. O-O Ng5 14. Nxg5
Bxg5 15. h4 Bf6 16. f4 b5 17. Ne3 exf4 18. Bxf4 Be5 19. g3 Bxf4 20. gxf4 Rd8
21. Qe1 Nf6 22. Qg3 c5 23. e5 Nd5 24. Nxd5 Rxd5 25. Be4 Bb7 26. Bxd5 Bxd5 27.
Rfd1 Be4 28. Rd6 Kh7 29. Rad1 c4 30. R1d4 Bf5 31. h5 Qa5 32. a3 Qa4 33. Qf3 Rf8
34. Qd1 Qa5 35. Rc6 Rc8 36. Rcd6 Qc7 37. Qf3 Qe7 38. Qg3 Qc7 39. Qh4 a5 40. Rd8
Rxd8 41. Qxd8 Qc6 42. Qd5 Qb7 43. Qxb7 1-0

[Event "26. Off. Wuerttembergische Seniorenmst."]
[Site "Freudenstadt"]
[Date "2014.07.24"]
[Round "9.34"]
[White "Janzen, Christian"]
[Black "Payen, Gerard"]
[Result "1/2-1/2"]
[WhiteElo "1505"]
[BlackElo "1665"]
[PlyCount "46"]
[EventDate "2014.??.??"]
[WhiteTeam "TSV Marienfelde 1890 e.V."]
[BlackTeam "Paris"]

1. e4 e6 2. d4 d5 3. exd5 exd5 4. Bf4 Bd6 5. Bg3 Ne7 6. Bd3 Bf5 7. Nf3 Bxd3 8.
Qxd3 c6 9. Nbd2 Ng6 10. Qe2+ Kd7 11. O-O-O f6 12. Rhe1 Bxg3 13. Qe6+ Kc7 14.
hxg3 Nd7 15. c4 Ndf8 16. Qf7+ Qd7 17. Qxd7+ Nxd7 18. cxd5 cxd5 19. Kb1 Rhe8 20.
Rc1+ Kd8 21. Rxe8+ Kxe8 22. Nh4 Nxh4 23. gxh4 Kd8 1/2-1/2

[Event "26. Off. Wuerttembergische Seniorenmst."]
[Site "Freudenstadt"]
[Date "2014.07.24"]
[Round "9.35"]
[White "Kunze, Manfred"]
[Black "Riegler, Markus"]
[Result "0-1"]
[WhiteElo "1450"]
[BlackElo "1596"]
[PlyCount "72"]
[EventDate "2014.??.??"]
[WhiteTeam "SV Motor Hainichen 1949"]
[BlackTeam "SK Mannheim-Lindenhof 1865"]

1. c4 e6 2. Nf3 f5 3. g3 b6 4. Bg2 Bb7 5. O-O Nf6 6. d3 Be7 7. a3 a5 8. b3 O-O
9. Bb2 Na6 10. Nc3 c6 11. d4 Nc7 12. Ne5 Qe8 13. Na4 Ra6 14. c5 bxc5 15. dxc5
Ncd5 16. Nc4 Qa8 17. Be5 Qd8 18. Nd6 Bxd6 19. Bxd6 Rf7 20. Qd4 Ra8 21. b4 Ba6
22. Rfe1 Bb5 23. Nb6 Ra7 24. a4 Ba6 25. b5 Bb7 26. e4 fxe4 27. Bxe4 Nxb6 28.
cxb6 Ra8 29. Bc7 Qe8 30. Bg2 Nd5 31. Bd6 Qd8 32. Bc5 d6 33. Bxd5 dxc5 34. Qxc5
Qxd5 35. Qe3 c5 36. Rad1 Qg2# 0-1

[Event "26. Off. Wuerttembergische Seniorenmst."]
[Site "Freudenstadt"]
[Date "2014.07.24"]
[Round "9.36"]
[White "Straesser, Gerda"]
[Black "Pottgiesser, Ulrich"]
[Result "1/2-1/2"]
[WhiteElo "1467"]
[BlackElo "1553"]
[PlyCount "66"]
[EventDate "2014.??.??"]
[WhiteTeam "SV Rottweil"]
[BlackTeam "SC Leinfelden"]

1. e4 d5 2. exd5 Nf6 3. Nc3 Nxd5 4. Nxd5 Qxd5 5. d4 Nc6 6. Nf3 Bf5 7. c3 O-O-O
8. Qb3 e6 9. Qxd5 exd5 10. Be3 f6 11. h3 g5 12. g4 Be6 13. O-O-O h5 14. gxh5
Rxh5 15. Bg2 Be7 16. Nd2 Rdh8 17. Rde1 Kd7 18. f4 f5 19. fxg5 Bxg5 20. Bxg5
Rxg5 21. Bf3 f4 22. Bg4 Bxg4 23. hxg4 Rxh1 24. Rxh1 Rxg4 25. Rh7+ Ne7 26. Nf3
Ke8 27. Rh4 Rxh4 28. Nxh4 Kf7 29. Kd2 Kf6 30. Ke2 Nf5 31. Nf3 Ng3+ 32. Kd3 Ne4
33. Ne5 f3 1/2-1/2

[Event "26. Off. Wuerttembergische Seniorenmst."]
[Site "Freudenstadt"]
[Date "2014.07.24"]
[Round "9.37"]
[White "Scholtyssek, Werner"]
[Black "Buss, Richard"]
[Result "1-0"]
[WhiteElo "1526"]
[BlackElo "1390"]
[Annotator "KÃ¶nig,Dirk"]
[PlyCount "57"]
[EventDate "2014.??.??"]
[WhiteTeam "SK Blankenloch 1947 e.V."]
[BlackTeam "VfR Heisfelde e.V."]

1. e4 e5 2. Nf3 Nc6 3. d4 exd4 4. Nxd4 d6 5. Bc4 Ne5 6. Bb3 Bg4 7. f3 Bh5 8.
O-O Nf6 9. Bg5 h6 10. Bxf6 Qxf6 11. c3 g5 12. Nd2 Bg7 13. Nf5 O-O 14. Qe2 Nd7
15. Rad1 Nc5 16. Bc2 Rfe8 17. g4 Bg6 18. Qc4 a6 19. a4 c6 20. a5 Nd7 21. Qb4
Nc5 22. Nc4 Bf8 23. Nfxd6 Bxd6 24. Rxd6 Ne6 25. Qxb7 Qf4 26. Kg2 Nc5 27. Qxc6
Rec8 28. Qd5 Ne6 29. Nb6 {WeiAY gewinnt nach 54 ZA1/4gen} 1-0

[Event "26. Off. Wuerttembergische Seniorenmst."]
[Site "Freudenstadt"]
[Date "2014.07.24"]
[Round "9.38"]
[White "Rauer, Wilhelm"]
[Black "Braun, Gerhard"]
[Result "1-0"]
[WhiteElo "1287"]
[BlackElo "1483"]
[PlyCount "55"]
[EventDate "2014.??.??"]
[WhiteTeam "SC 1875 Ellwangen"]
[BlackTeam "SV Nagold"]

1. e4 d6 2. Nf3 e6 3. Nc3 g6 4. d4 Nf6 5. Bd3 b6 6. O-O Bb7 7. Re1 Bg7 8. Bg5
Qc8 9. Qd2 O-O 10. Bh6 Qd7 11. Bxg7 Kxg7 12. e5 dxe5 13. Nxe5 Qd8 14. Ne2 Nc6
15. c3 Nxe5 16. dxe5 Ne4 17. Qe3 Nc5 18. Rad1 Nxd3 19. Rxd3 Qc8 20. Red1 c5 21.
Qg5 Kg8 22. h4 Ba6 23. h5 Bxd3 24. Rxd3 f6 25. exf6 Rf7 26. hxg6 hxg6 27. Qxg6+
Kf8 28. Rh3 1-0

[Event "26. Off. Wuerttembergische Seniorenmst."]
[Site "Freudenstadt"]
[Date "2014.07.24"]
[Round "9.39"]
[White "Gabriel, Klaus"]
[Black "Bauer, Robert"]
[Result "1/2-1/2"]
[WhiteElo "1444"]
[BlackElo "1210"]
[PlyCount "73"]
[EventDate "2014.??.??"]
[WhiteTeam "SC Leinfelden"]
[BlackTeam "SABT Post SÃ¼dstadt Karlsruhe"]

1. d4 e6 2. c4 b6 3. e4 c6 4. Nc3 Bb4 5. Qc2 Ne7 6. a3 Bxc3+ 7. Qxc3 O-O 8. b4
d5 9. Bd3 h6 10. Nf3 Nd7 11. Bf4 Ng6 12. Bg3 Bb7 13. c5 b5 14. O-O a5 15. e5 a4
16. h4 Ne7 17. h5 Nf5 18. Bxf5 exf5 19. Bh4 f6 20. Rae1 Qc7 21. e6 Nb8 22. Bg3
f4 23. Bh2 Re8 24. Qd2 Qc8 25. Qxf4 Rxe6 26. Rxe6 Qxe6 27. Re1 Qf7 28. g4 Nd7
29. Qe3 f5 30. gxf5 Nf6 31. Qe7 Rf8 32. Bd6 Re8 33. Qxf7+ Kxf7 34. Rxe8 Kxe8
35. Ne5 Nxh5 36. Ng6 Nf6 37. Ne7 1/2-1/2